[Event "NB1 Charousek csoport"]
[Site "Paks"]
[Date "2024.11.17"]
[Round "2.8"]
[White "Berta, Tibor"]
[Black "Horvath, Tamas"]
[Result "1-0"]
[WhiteElo "2041"]
[BlackElo "2105"]
[PlyCount "65"]
[EventDate "2024.11.03"]
[EventType "team-tourn"]
[EventRounds "11"]
[EventCountry "HUN"]
[Source "chess.hu"]
[SourceDate "2024.11.17"]
[WhiteTeam "ASE II. Paks"]
[BlackTeam "Gyori Elektromos"]
[WhiteTeamCountry "HUN"]
[BlackTeamCountry "HUN"]

1. d4 Nf6 2. Nf3 c5 3. c3 e6 4. Bf4 Qb6 5. Qb3 Qxb3 6. axb3 cxd4 7. Nxd4 Bc5 8.
Nb5 Nd5 9. Bg3 Na6 10. e4 Nb6 11. Bd6 Kd8 12. b4 Bxd6 13. Nxd6 Ke7 14. Nxc8+
Rhxc8 15. Bxa6 bxa6 16. Rxa6 Nc4 17. Ra2 Nd6 18. Nd2 f5 19. exf5 Nxf5 20. Ne4
Rc4 21. Nd2 Rc7 22. Ke2 Kd6 23. Rha1 Kc6 24. Ne4 Kd5 25. Kd3 Ke5 26. g3 Ne7 27.
Ra6 Kf5 28. h3 Nc6 29. Ke3 Ne5 30. Nd6+ Kf6 31. f4 Nf7 32. Nxf7 Kxf7 33. b5 1-0

[Event "NB1 Charousek csoport"]
[Site "Paks"]
[Date "2024.11.17"]
[Round "2.9"]
[White "Csuri, Szilveszter"]
[Black "Toth, Nikoletta"]
[Result "0-1"]
[WhiteElo "1944"]
[BlackElo "1988"]
[PlyCount "50"]
[EventDate "2024.11.03"]
[EventType "team-tourn"]
[EventRounds "11"]
[EventCountry "HUN"]
[Source "chess.hu"]
[SourceDate "2024.11.17"]
[WhiteTeam "Gyori Elektromos"]
[BlackTeam "ASE II. Paks"]
[WhiteTeamCountry "HUN"]
[BlackTeamCountry "HUN"]

1. e4 e5 2. Nf3 Nc6 3. Bc4 Bc5 4. c3 Nf6 5. d3 d6 6. b4 Bb6 7. a4 a5 8. b5 Ne7
9. h3 h6 10. Be3 Bxe3 11. fxe3 O-O 12. Nbd2 d5 13. Bb3 dxe4 14. Nxe4 Nf5 15.
Nxe5 Nxe4 16. dxe4 Qh4+ 17. Kd2 Rd8+ 18. Ke2 Ng3+ 19. Kf3 Qxe4+ 20. Kxg3 Qxe5+
21. Kf2 Rxd1 22. Raxd1 Bf5 23. Rd4 Re8 24. Re1 Be4 25. Rd7 Qf5+ 0-1

[Event "NB1 Charousek csoport"]
[Site "Paks"]
[Date "2024.11.17"]
[Round "2.10"]
[White "Buri, Petra Zsuzsanna"]
[Black "Steiner, Botond"]
[Result "1/2-1/2"]
[WhiteElo "1996"]
[BlackElo "1965"]
[PlyCount "73"]
[EventDate "2024.11.03"]
[EventType "team-tourn"]
[EventRounds "11"]
[EventCountry "HUN"]
[Source "chess.hu"]
[SourceDate "2024.11.17"]
[WhiteTeam "ASE II. Paks"]
[BlackTeam "Gyori Elektromos"]
[WhiteTeamCountry "HUN"]
[BlackTeamCountry "HUN"]

1. e4 e6 2. d4 d5 3. Nd2 Nf6 4. Bd3 Be7 5. c3 dxe4 6. Nxe4 Nbd7 7. Ng3 c5 8.
Nf3 O-O 9. O-O b6 10. Re1 Qc7 11. Ne5 Bb7 12. Nh5 g6 13. Ng3 cxd4 14. cxd4 Nxe5
15. dxe5 Nd7 16. Qe2 Nc5 17. Bc4 a5 18. Bh6 Rfd8 19. Rac1 Qc6 20. f3 Qe8 21.
Bb5 Bc6 22. Bxc6 Qxc6 23. Ne4 Qa4 24. Nxc5 Bxc5+ 25. Be3 Bxe3+ 26. Qxe3 Qxa2
27. Rc2 b5 28. Rec1 Qa4 29. Rc5 Rd1+ 30. Rxd1 Qxd1+ 31. Kf2 Qd7 32. Qc3 Ra7 33.
Rc8+ Kg7 34. Qc5 Qd2+ 35. Kf1 Qd1+ 36. Kf2 Qd2+ 37. Kf1 1/2-1/2

[Event "NB1 Charousek csoport"]
[Site "Paks"]
[Date "2024.11.17"]
[Round "2.11"]
[White "Kiss, Balazs"]
[Black "Hegedus, Bernat"]
[Result "1-0"]
[WhiteElo "1989"]
[BlackElo "1880"]
[PlyCount "79"]
[EventDate "2024.11.03"]
[EventType "team-tourn"]
[EventRounds "11"]
[EventCountry "HUN"]
[Source "chess.hu"]
[SourceDate "2024.11.17"]
[WhiteTeam "Gyori Elektromos"]
[BlackTeam "ASE II. Paks"]
[WhiteTeamCountry "HUN"]
[BlackTeamCountry "HUN"]

1. c4 c6 2. Nc3 Nf6 3. e4 e5 4. d4 Bb4 5. f3 d6 6. Nge2 O-O 7. Be3 Qe7 8. d5
Ne8 9. a3 Bc5 10. Bxc5 dxc5 11. Ng3 Nd6 12. Be2 f5 13. exf5 Bxf5 14. O-O Nd7
15. Qd2 Rad8 16. Rae1 Bg6 17. Bd3 Bxd3 18. Qxd3 Rf4 19. b3 Nf6 20. Qe3 cxd5 21.
Qxf4 exf4 22. Rxe7 fxg3 23. Nxd5 gxh2+ 24. Kxh2 Nxd5 25. cxd5 Kf8 26. Rc7 b6
27. Rxa7 Nb5 28. Ra6 Rxd5 29. a4 Nd4 30. Rxb6 Ne2 31. g4 Rd2 32. Rf2 Nd4 33.
Rxd2 Nxf3+ 34. Kg2 Nxd2 35. a5 c4 36. bxc4 Nxc4 37. Rb8+ Kf7 38. a6 g5 39. a7
h6 40. a8=Q 1-0

[Event "NB1 Charousek csoport"]
[Site "Paks"]
[Date "2024.11.17"]
[Round "2.12"]
[White "Buri, Kata"]
[Black "Ferenczy, Nora"]
[Result "0-1"]
[WhiteElo "1846"]
[BlackElo "1725"]
[PlyCount "86"]
[EventDate "2024.11.03"]
[EventType "team-tourn"]
[EventRounds "11"]
[EventCountry "HUN"]
[Source "chess.hu"]
[SourceDate "2024.11.17"]
[WhiteTeam "ASE II. Paks"]
[BlackTeam "Gyori Elektromos"]
[WhiteTeamCountry "HUN"]
[BlackTeamCountry "HUN"]

1. e4 c5 2. Nf3 e6 3. d4 cxd4 4. Nxd4 Nc6 5. Nc3 Qc7 6. Be3 a6 7. Qf3 Nf6 8.
Bd3 Bd6 9. O-O-O Ne5 10. Qh3 Neg4 11. Nce2 Ne5 12. f3 Qa5 13. Kb1 Be7 14. g4 d5
15. g5 Nfd7 16. exd5 Qxd5 17. Nc3 Qa5 18. Nb3 Qc7 19. f4 Nxd3 20. Rxd3 Nc5 21.
Nxc5 Bxc5 22. Rhd1 O-O 23. Bxc5 Qxc5 24. Qg3 b5 25. Qg2 Rb8 26. Ne4 Qf5 27. Nd6
Qc5 28. Rc3 Qa7 29. Ne4 Bb7 30. Qe2 Rbd8 31. Rcd3 Rxd3 32. Qxd3 Bxe4 33. Qxe4
Qc7 34. Qd4 Rc8 35. Rd2 Kf8 36. a3 Re8 37. Qe4 Kg8 38. f5 Qc8 39. Re2 e5 40. f6
g6 41. h4 Qf5 42. Qe3 e4 43. Qd4 Qf1+ 0-1

[Event "NB1 Charousek csoport"]
[Site "Gyor"]
[Date "2024.12.01"]
[Round "3.1"]
[White "Fancsy, Imre"]
[Black "Vertetics, Attila"]
[Result "1/2-1/2"]
[WhiteElo "2352"]
[BlackElo "2427"]
[PlyCount "49"]
[GameId "2119696195491181"]
[EventDate "2024.11.03"]
[EventType "team-tourn"]
[EventRounds "11"]
[EventCountry "HUN"]
[Source "chess.hu"]
[WhiteTeam "Balatonfuredi SC"]
[BlackTeam "Gyori Elektromos"]
[WhiteTeamCountry "HUN"]
[BlackTeamCountry "HUN"]

1. d4 d5 2. c4 e6 3. Nc3 Be7 4. Nf3 Nf6 5. Bg5 O-O 6. e3 h6 7. Bh4 b6 8. Rc1 Bb7 9. cxd5 Nxd5 10. Bxe7 Qxe7 11. Be2 Rc8 12. Nxd5 Bxd5 13. O-O c5 14. dxc5 Rxc5 15. Rxc5 Qxc5 16. Qd2 Nc6 17. Rc1 Qb4 18. Qxb4 Nxb4 19. a3 Nc6 20. Kf1 Kf8 21. Nd2 Ne7 22. Rc7 Rc8 23. Rxc8+ Nxc8 24. e4 Bc6 25. e5 1/2-1/2

[Event "NB1 Charousek csoport"]
[Site "Gyor"]
[Date "2024.12.01"]
[Round "3.2"]
[White "Ezsol, Miklos"]
[Black "Forgacs, Attila Jr."]
[Result "0-1"]
[WhiteElo "2314"]
[BlackElo "2269"]
[PlyCount "116"]
[GameId "2119696235853191"]
[EventDate "2024.11.03"]
[EventType "team-tourn"]
[EventRounds "11"]
[EventCountry "HUN"]
[Source "chess.hu"]
[WhiteTeam "Gyori Elektromos"]
[BlackTeam "Balatonfuredi SC"]
[WhiteTeamCountry "HUN"]
[BlackTeamCountry "HUN"]

1. d4 Nf6 2. Nf3 e6 3. c4 Bb4+ 4. Bd2 Qe7 5. g3 Bxd2+ 6. Nbxd2 d6 7. Bg2 O-O 8. O-O e5 9. dxe5 dxe5 10. Ng5 Nc6 11. Nge4 Nxe4 12. Nxe4 Rd8 13. Qc1 Nd4 14. Re1 Bg4 15. Kf1 Rd7 16. Nd2 Rad8 17. Nb3 Qb4 18. Nxd4 Rxd4 19. b3 Rd2 20. Qb1 R8d4 21. h3 Be6 22. e3 R4d3 23. Be4 Bxh3+ 24. Kg1 Rd6 25. Bf5 Bxf5 26. Qxf5 Rf6 27. Qc8+ Qf8 28. Qxb7 Rfxf2 29. Rf1 Rfe2 30. Rad1 Qd8 31. Rxd2 Rxd2 32. Qxa7 e4 33. Qc5 Qd3 34. Rf2 Qb1+ 35. Kg2 Rxf2+ 36. Kxf2 Qxa2+ 37. Kf1 Qxb3 38. Qxc7 Qd1+ 39. Kg2 Qf3+ 40. Kh2 Qe2+ 41. Kh1 Qf1+ 42. Kh2 h5 43. c5 Qf2+ 44. Kh1 Qxe3 45. Qc8+ Kh7 46. Qf5+ Kh6 47. Qf4+ Qxf4 48. gxf4 e3 49. Kg2 h4 50. c6 h3+ 51. Kxh3 e2 52. c7 e1=Q 53. c8=Q Qe6+ 54. Qxe6+ fxe6 55. Kg4 Kg6 56. Kg3 Kf5 57. Kf3 g6 58. Kg3 g5 0-1

[Event "NB1 Charousek csoport"]
[Site "Gyor"]
[Date "2024.12.01"]
[Round "3.3"]
[White "Pataki, Gyozo"]
[Black "Farkas, Lajos Dr."]
[Result "1/2-1/2"]
[WhiteElo "2300"]
[BlackElo "2172"]
[PlyCount "95"]
[GameId "2119696277169559"]
[EventDate "2024.11.03"]
[EventType "team-tourn"]
[EventRounds "11"]
[EventCountry "HUN"]
[Source "chess.hu"]
[WhiteTeam "Balatonfuredi SC"]
[BlackTeam "Gyori Elektromos"]
[WhiteTeamCountry "HUN"]
[BlackTeamCountry "HUN"]

1. d4 Nf6 2. c4 b6 3. Nc3 Bb7 4. f3 e6 5. e4 d5 6. cxd5 exd5 7. e5 Nfd7 8. f4 c5 9. Nf3 Nc6 10. Be3 cxd4 11. Nxd4 Bc5 12. Bb5 Nxd4 13. Bxd4 O-O 14. O-O Qe7 15. Qd2 Rad8 16. Bxd7 Rxd7 17. Rad1 Rc8 18. Qf2 Bxd4 19. Rxd4 Rc4 20. Rfd1 Rxd4 21. Qxd4 Qc5 22. Kf2 Qxd4+ 23. Rxd4 Kf8 24. g3 Ke7 25. Ke3 f6 26. exf6+ Kxf6 27. Rd2 Ke6 28. Kd4 g5 29. fxg5 Kf5 30. h4 Re7 31. Re2 Rc7 32. b3 Kg4 33. Re3 Rf7 34. Nb5 Rf1 35. Nd6 Bc6 36. Rc3 Rd1+ 37. Ke5 Re1+ 38. Kd4 Rd1+ 39. Rd3 Re1 40. a4 a6 41. Nf7 Re4+ 42. Kc3 b5 43. axb5 Bxb5 44. Rxd5 Re3+ 45. Kb4 Rxg3 46. Rd4+ Kh5 47. Nd6 Bd3 48. Ne8 1/2-1/2

[Event "NB1 Charousek csoport"]
[Site "Gyor"]
[Date "2024.12.01"]
[Round "3.4"]
[White "Schmikli, Laszlo"]
[Black "Zentai, Peter"]
[Result "0-1"]
[WhiteElo "2172"]
[BlackElo "2257"]
[PlyCount "114"]
[GameId "2119696316007847"]
[EventDate "2024.11.03"]
[EventType "team-tourn"]
[EventRounds "11"]
[EventCountry "HUN"]
[Source "chess.hu"]
[WhiteTeam "Gyori Elektromos"]
[BlackTeam "Balatonfuredi SC"]
[WhiteTeamCountry "HUN"]
[BlackTeamCountry "HUN"]

1. f4 d5 2. Nf3 Nf6 3. g3 g6 4. Bg2 Bg7 5. O-O O-O 6. c3 c5 7. h3 Nc6 8. d3 Qd6 9. Qe1 e5 10. e4 dxe4 11. dxe4 Nh5 12. fxe5 Nxe5 13. g4 Nf6 14. Nxe5 Qxe5 15. Bf4 Qe6 16. Na3 Bd7 17. Rd1 Bc6 18. e5 Nd5 19. Bg3 Rad8 20. Rf2 Nb6 21. Bxc6 Rxd1 22. Qxd1 Qxc6 23. Qd6 Qxd6 24. exd6 Rd8 25. Rd2 Bf8 26. Kg2 f6 27. Bf2 Rxd6 28. Rxd6 Bxd6 29. Nb5 Bf8 30. b3 a6 31. Na3 Nd5 32. Be1 Nf4+ 33. Kh2 Kf7 34. Bd2 Nd3 35. Kg2 Ke6 36. Kf3 f5 37. gxf5+ Kxf5 38. Nc2 Ne5+ 39. Ke2 Ke4 40. Ne1 Be7 41. Be3 g5 42. Nc2 g4 43. hxg4 Nxg4 44. Bg1 h5 45. Ne1 Ne5 46. Ng2 Nf3 47. Bf2 h4 48. Ne3 h3 49. Nf1 Bd6 50. Bg3 Be5 51. Bxe5 Nxe5 52. Nd2+ Kf4 53. Kf2 Ng4+ 54. Kg1 b5 55. a4 Ke3 56. axb5 axb5 57. Nf1+ Kd3 0-1

[Event "NB1 Charousek csoport"]
[Site "Gyor"]
[Date "2024.12.01"]
[Round "3.5"]
[White "Glatt, Gabor"]
[Black "Borzsei, Andras"]
[Result "0-1"]
[WhiteElo "2158"]
[BlackElo "2084"]
[PlyCount "130"]
[GameId "2119696348841399"]
[EventDate "2024.11.03"]
[EventType "team-tourn"]
[EventRounds "11"]
[EventCountry "HUN"]
[Source "chess.hu"]
[WhiteTeam "Balatonfuredi SC"]
[BlackTeam "Gyori Elektromos"]
[WhiteTeamCountry "HUN"]
[BlackTeamCountry "HUN"]

1. e4 c5 2. Nf3 e6 3. c3 d5 4. exd5 Qxd5 5. d4 Nf6 6. Be3 cxd4 7. cxd4 Bb4+ 8. Nc3 O-O 9. Bd3 b6 10. O-O Bxc3 11. bxc3 Ba6 12. Re1 Rc8 13. Bxa6 Nxa6 14. Qa4 Qc4 15. Qxc4 Rxc4 16. Bd2 Nd7 17. Kf1 Nc7 18. Ke2 Nd5 19. Kd3 Rac8 20. Rec1 b5 21. g3 f6 22. Ne1 N7b6 23. Nc2 a6 24. Ne3 Ra4 25. Rc2 Ra3 26. Rb1 Kf7 27. Rb3 Ra4 28. Bc1 Nc4 29. h4 Rd8 30. Nxd5 exd5 31. Rb1 Nb6 32. Rb4 Re8 33. Rxa4 Nxa4 34. Ba3 h5 35. Bb4 g5 36. hxg5 fxg5 37. Ba5 Kf6 38. f3 Kf5 39. Rh2 Kg6 40. Bc7 Rc8 41. Ba5 Re8 42. Bc7 Re1 43. g4 hxg4 44. fxg4 Rc1 45. Rc2 Rh1 46. Rg2 Rh3+ 47. Rg3 Rh2 48. Rg1 Nb2+ 49. Ke3 Nc4+ 50. Kf3 Rc2 51. Rh1 Rxc3+ 52. Kf2 Nd2 53. Be5 Ne4+ 54. Kg2 Rc2+ 55. Kf3 Rc8 56. Ke3 Rc3+ 57. Ke2 Rc2+ 58. Ke3 Nf2 59. Rh8 Nxg4+ 60. Kd3 Rxa2 61. Rd8 Ra3+ 62. Ke2 Nxe5 63. dxe5 Kf5 64. Rxd5 Ke6 65. Rc5 g4 0-1

[Event "NB1 Charousek csoport"]
[Site "Gyor"]
[Date "2024.12.01"]
[Round "3.7"]
[White "Forgacs, Attila"]
[Black "Horvath, Tamas"]
[Result "1/2-1/2"]
[WhiteElo "2124"]
[BlackElo "2091"]
[PlyCount "53"]
[GameId "2119696434013655"]
[EventDate "2024.11.03"]
[EventType "team-tourn"]
[EventRounds "11"]
[EventCountry "HUN"]
[Source "chess.hu"]
[WhiteTeam "Balatonfuredi SC"]
[BlackTeam "Gyori Elektromos"]
[WhiteTeamCountry "HUN"]
[BlackTeamCountry "HUN"]

1. e4 c5 2. Nf3 Nc6 3. d4 cxd4 4. Nxd4 Qb6 5. Nb3 Nf6 6. Nc3 e6 7. Be3 Qc7 8. Bd3 a6 9. O-O b5 10. f4 d6 11. a3 Be7 12. Qf3 Bb7 13. Kh1 b4 14. axb4 Nxb4 15. Na5 Nxd3 16. cxd3 Rc8 17. Rfc1 Qb8 18. f5 e5 19. Nc4 h6 20. Nb6 Rc7 21. d4 Rxc3 22. Rxc3 Bxe4 23. Qxe4 Nxe4 24. Rc8+ Qxc8 25. Nxc8 Kd7 26. Nb6+ Kc6 27. dxe5 1/2-1/2

[Event "NB1 Charousek csoport"]
[Site "Gyor"]
[Date "2024.12.01"]
[Round "3.8"]
[White "Jozsa, Csaba"]
[Black "Vargyas, Zoltan"]
[Result "1-0"]
[WhiteElo "2119"]
[BlackElo "1973"]
[PlyCount "67"]
[GameId "2119696469059047"]
[EventDate "2024.11.03"]
[EventType "team-tourn"]
[EventRounds "11"]
[EventCountry "HUN"]
[Source "chess.hu"]
[WhiteTeam "Gyori Elektromos"]
[BlackTeam "Balatonfuredi SC"]
[WhiteTeamCountry "HUN"]
[BlackTeamCountry "HUN"]

1. e4 e6 2. d4 d5 3. Nc3 Bb4 4. e5 Ne7 5. a3 Bxc3+ 6. bxc3 c5 7. Nf3 Bd7 8. a4 Qa5 9. Qd2 Nbc6 10. Bd3 O-O-O 11. O-O c4 12. Be2 f6 13. Ba3 Ng6 14. Bd6 Be8 15. Rfe1 fxe5 16. dxe5 Rd7 17. Bf1 h6 18. g3 Bf7 19. Nd4 Nxd4 20. Qxd4 Ne7 21. Bh3 Nc6 22. Qe3 Re8 23. Reb1 Bg6 24. Rb5 Qa6 25. Ra2 Kd8 26. Qc5 Bf5 27. Bxf5 exf5 28. f4 Ne7 29. Bxe7+ Rexe7 30. Qd4 Qc6 31. Qxa7 Ke8 32. Qd4 g5 33. Rb6 Qc7 34. e6 1-0

[Event "NB1 Charousek csoport"]
[Site "Gyor"]
[Date "2024.12.01"]
[Round "3.9"]
[White "Bartha, Sandor"]
[Black "Papai, Mate"]
[Result "1-0"]
[WhiteElo "2010"]
[BlackElo "1974"]
[PlyCount "129"]
[GameId "2119696503076343"]
[EventDate "2024.11.03"]
[EventType "team-tourn"]
[EventRounds "11"]
[EventCountry "HUN"]
[Source "chess.hu"]
[WhiteTeam "Balatonfuredi SC"]
[BlackTeam "Gyori Elektromos"]
[WhiteTeamCountry "HUN"]
[BlackTeamCountry "HUN"]

1. d4 d5 2. Nf3 Nf6 3. c4 c6 4. Nc3 e6 5. e3 Nbd7 6. Be2 Bd6 7. O-O O-O 8. Qc2 b6 9. b3 Bb7 10. Bb2 Rc8 11. Rad1 Re8 12. h3 c5 13. cxd5 exd5 14. Bb5 a6 15. Bxd7 Qxd7 16. dxc5 bxc5 17. Na4 Qe7 18. Nc3 d4 19. Na4 Bxf3 20. gxf3 Qe5 21. f4 Qh5 22. Kg2 Ne4 23. Rg1 Re6 24. Kf1 Qxh3+ 25. Ke1 Qh2 26. Kf1 Qh3+ 27. Ke1 dxe3 28. Rxg7+ Kf8 29. f3 Qxf3 30. Qg2 Qxg2 31. Rxg2 Nf2 32. f5 Nxd1 33. Bg7+ Ke7 34. fxe6 Nf2 35. exf7 Kxf7 36. Bc3 Nd3+ 37. Kd1 Nf4 38. Rg7+ Ke6 39. Rxh7 Rg8 40. Rh1 Kf5 41. Be1 Ke4 42. Nb2 Rg2 43. Nc4 Bc7 44. Rh7 Rxa2 45. Re7+ Kd4 46. Nxe3 Ra1+ 47. Kc2 Ra2+ 48. Kb1 Ra5 49. Nc2+ Kd5 50. Rxc7 Rb5 51. Ka2 Ne6 52. Rd7+ Kc6 53. Re7 Nd4 54. Nxd4+ cxd4 55. Re6+ Kd5 56. Rxa6 Ke4 57. Re6+ Kd3 58. Ka3 Kc2 59. b4 d3 60. Ka4 Rb8 61. b5 d2 62. Bxd2 Kxd2 63. b6 Kc3 64. Kb5 Kd4 65. Kc6 1-0

[Event "NB1 Charousek csoport"]
[Site "Gyor"]
[Date "2024.12.01"]
[Round "3.10"]
[White "Steiner, Botond"]
[Black "Fur, Katinka"]
[Result "1/2-1/2"]
[WhiteElo "1980"]
[BlackElo "1993"]
[PlyCount "78"]
[GameId "2119696536798727"]
[EventDate "2024.11.03"]
[EventType "team-tourn"]
[EventRounds "11"]
[EventCountry "HUN"]
[Source "chess.hu"]
[WhiteTeam "Gyori Elektromos"]
[BlackTeam "Balatonfuredi SC"]
[WhiteTeamCountry "HUN"]
[BlackTeamCountry "HUN"]

1. e4 e6 2. d4 d5 3. e5 c5 4. c3 Qb6 5. Nf3 Nc6 6. Be2 cxd4 7. cxd4 Nh6 8. Nc3 Nf5 9. Na4 Qa5+ 10. Kf1 Bd7 11. Bd2 Qd8 12. Be3 a6 13. Rc1 Qa5 14. Qb3 b5 15. Nc5 Bxc5 16. Rxc5 O-O 17. Bd3 Nxe3+ 18. fxe3 Rac8 19. Ke2 Qb6 20. Rhc1 Na5 21. Qc2 Rxc5 22. Qxc5 Qxc5 23. Rxc5 Rc8 24. Rxc8+ Bxc8 25. b3 h6 26. h4 Bb7 27. h5 Nc6 28. a3 Kf8 29. g4 f6 30. Kf2 Nd8 31. Kg3 Nf7 32. b4 Ke7 33. Kf4 Kd7 34. Bg6 Nd8 35. Ne1 Nc6 36. Nd3 Ke7 37. Bh7 Bc8 38. Bg6 a5 39. Bh7 Bd7 1/2-1/2

[Event "NB1 Charousek csoport"]
[Site "Gyor"]
[Date "2024.12.01"]
[Round "3.11"]
[White "Kun, Balint"]
[Black "Kiss, Balazs"]
[Result "1-0"]
[WhiteElo "1944"]
[BlackElo "1990"]
[PlyCount "107"]
[GameId "2119696571258391"]
[EventDate "2024.11.03"]
[EventType "team-tourn"]
[EventRounds "11"]
[EventCountry "HUN"]
[Source "chess.hu"]
[WhiteTeam "Balatonfuredi SC"]
[BlackTeam "Gyori Elektromos"]
[WhiteTeamCountry "HUN"]
[BlackTeamCountry "HUN"]

1. e4 c6 2. d4 d6 3. c4 Nf6 4. Nc3 Qa5 5. Qc2 e5 6. Nf3 Bg4 7. Be3 Bxf3 8. gxf3 Nbd7 9. O-O-O g6 10. Kb1 Nh5 11. dxe5 dxe5 12. Bh3 Ndf6 13. Qd2 Qc7 14. Ne2 Bg7 15. Qd6 Qxd6 16. Rxd6 O-O 17. Rhd1 Rfe8 18. R6d3 Bf8 19. Kc2 Be7 20. Rb3 b6 21. Rbd3 Red8 22. Rxd8+ Rxd8 23. Rxd8+ Bxd8 24. c5 b5 25. Bc8 Be7 26. Bb7 Nd7 27. b4 Nb8 28. f4 f6 29. Kd3 Kf7 30. fxe5 fxe5 31. f4 Bf6 32. fxe5 Bxe5 33. Nd4 Bxh2 34. Nxc6 Nxc6 35. Bxc6 Nf4+ 36. Bxf4 Bxf4 37. Bxb5 h5 38. Kd4 Ke6 39. Be8 Kf6 40. Bd7 g5 41. Be8 h4 42. Bd7 Ke7 43. Bg4 Bd2 44. b5 Bc1 45. a4 Bd2 46. Kd5 Bb4 47. e5 Ba5 48. Kc6 Bb4 49. b6 axb6 50. cxb6 Bc3 51. e6 Kd8 52. a5 Bxa5 53. b7 Bc7 54. e7+ 1-0

[Event "NB1 Charousek csoport"]
[Site "Gyor"]
[Date "2024.12.01"]
[Round "3.12"]
[White "Ferenczy, Nora"]
[Black "Palla, Gyorgy"]
[Result "0-1"]
[WhiteElo "1751"]
[BlackElo "1984"]
[PlyCount "58"]
[GameId "2119696609912359"]
[EventDate "2024.11.03"]
[EventType "team-tourn"]
[EventRounds "11"]
[EventCountry "HUN"]
[Source "chess.hu"]
[WhiteTeam "Gyori Elektromos"]
[BlackTeam "Balatonfuredi SC"]
[WhiteTeamCountry "HUN"]
[BlackTeamCountry "HUN"]

1. d4 d5 2. c4 c6 3. Nc3 Nf6 4. Nf3 Bf5 5. Qb3 Qb6 6. c5 Qxb3 7. axb3 Na6 8. Na2 Nc7 9. Bf4 Ne6 10. Bg3 Ne4 11. e3 g5 12. b4 h5 13. h3 Nxg3 14. fxg3 Bg7 15. b5 g4 16. Nd2 Bh6 17. bxc6 bxc6 18. Ke2 Kd7 19. b4 a5 20. bxa5 Rxa5 21. Nb3 Ra3 22. Nb4 Rxb3 23. Ra7+ Nc7 24. Na6 Rc8 25. Kd1 Bxe3 26. hxg4 hxg4 27. Rh5 Bg6 28. Rh4 Bxd4 29. Be2 Rxg3 0-1

[Event "NB1 Charousek csoport"]
[Site "Dunaharaszti"]
[Date "2024.12.01"]
[Round "3.1"]
[White "Krstulovic, Alex"]
[Black "Gonda, Laszlo"]
[Result "1-0"]
[WhiteElo "2421"]
[BlackElo "2490"]
[PlyCount "83"]
[GameId "2119494576875391"]
[EventDate "2024.11.03"]
[EventType "team-tourn"]
[EventRounds "11"]
[EventCountry "HUN"]
[Source "chess.hu"]
[WhiteTeam "ASE II. Paks"]
[BlackTeam "Dunaharaszti MTK"]
[WhiteTeamCountry "HUN"]
[BlackTeamCountry "HUN"]

1. d4 d5 2. Nf3 Nf6 3. Bf4 c5 4. e3 Nc6 5. Be2 cxd4 6. Nxd4 Bd7 7. O-O g6 8. Nc3 Bg7 9. Ndb5 O-O 10. Nc7 Rc8 11. N7xd5 Nxd5 12. Nxd5 Bf5 13. Bf3 e6 14. Nc3 Qxd1 15. Rfxd1 Bxc2 16. Rd2 Bxc3 17. Rxc2 Bf6 18. Rac1 a5 19. b3 Rfd8 20. Kf1 e5 21. Bg3 h5 22. Bxc6 Rxc6 23. Rxc6 bxc6 24. Rxc6 h4 25. Rxf6 hxg3 26. hxg3 Rd2 27. a4 Rb2 28. Rb6 e4 29. Rb5 Kg7 30. g4 Kf6 31. g5+ Ke6 32. g4 Kd6 33. Kg2 Ke6 34. Kg3 Kd6 35. Rxa5 Rxb3 36. Ra7 Ke6 37. Ra8 Ke7 38. a5 Rb5 39. a6 Rxg5 40. a7 Ra5 41. Kf4 Ra4 42. g5 1-0

[Event "NB1 Charousek csoport"]
[Site "Dunaharaszti"]
[Date "2024.12.01"]
[Round "3.2"]
[White "Csiki, Endre"]
[Black "Bodrogi, Bendeguz"]
[Result "1/2-1/2"]
[WhiteElo "2284"]
[BlackElo "2453"]
[PlyCount "64"]
[GameId "2119494624462735"]
[EventDate "2024.11.03"]
[EventType "team-tourn"]
[EventRounds "11"]
[EventCountry "HUN"]
[Source "chess.hu"]
[WhiteTeam "Dunaharaszti MTK"]
[BlackTeam "ASE II. Paks"]
[WhiteTeamCountry "HUN"]
[BlackTeamCountry "HUN"]

1. d4 d5 2. c4 e6 3. Nc3 a6 4. cxd5 exd5 5. Qb3 c5 6. Nxd5 Nc6 7. Nf3 Be6 8. e4 Nge7 9. Bg5 h6 10. Bxe7 Bxe7 11. Rc1 cxd4 12. Qxb7 Bxd5 13. exd5 Na5 14. Qc7 Qxd5 15. Qe5 Qxa2 16. Bd3 Qe6 17. Qxe6 fxe6 18. Bg6+ Kd8 19. O-O Bf6 20. Rfe1 Kd7 21. Bf7 Ra7 22. Bxe6+ Kd6 23. Ba2 Re7 24. Rxe7 Bxe7 25. Nxd4 Bf6 26. Nf5+ Kd7 27. Rc5 Nc6 28. Bd5 Nd4 29. Nxd4 Bxd4 30. Rc2 Rb8 31. Bc4 Rxb2 32. Rxb2 Bxb2 1/2-1/2

[Event "NB1 Charousek csoport"]
[Site "Dunaharaszti"]
[Date "2024.12.01"]
[Round "3.4"]
[White "Balint, Vilmos"]
[Black "Molnar, Bela"]
[Result "1-0"]
[WhiteElo "2149"]
[BlackElo "2288"]
[PlyCount "97"]
[GameId "2119494706370479"]
[EventDate "2024.11.03"]
[EventType "team-tourn"]
[EventRounds "11"]
[EventCountry "HUN"]
[Source "chess.hu"]
[WhiteTeam "Dunaharaszti MTK"]
[BlackTeam "ASE II. Paks"]
[WhiteTeamCountry "HUN"]
[BlackTeamCountry "HUN"]

1. d4 Nf6 2. Nf3 d6 3. Bf4 g6 4. Nbd2 Bg7 5. e4 O-O 6. Be2 c5 7. c3 Nfd7 8. O-O Nc6 9. d5 Nce5 10. Ne1 f5 11. exf5 gxf5 12. Ndf3 Ng6 13. Bg5 h6 14. Bd2 Nf6 15. h4 e5 16. dxe6 Bxe6 17. Nd3 Ne4 18. Nf4 Nxf4 19. Bxf4 d5 20. Re1 Qf6 21. Qb3 b6 22. a4 Bf7 23. a5 d4 24. c4 Rfe8 25. axb6 Qxb6 26. Qc2 a5 27. Bd3 Ra7 28. Ra3 a4 29. Rea1 Rea8 30. Ne5 Rb7 31. Nxf7 Kxf7 32. Bxe4 fxe4 33. Qxe4 Rd8 34. Be5 Kg8 35. Rg3 d3 36. Rxd3 Re7 37. Rg3 Qe6 38. f4 Rd4 39. Qa8+ Kh7 40. Bxd4 Bxd4+ 41. Kh2 Bf2 42. Rf3 Bxh4 43. Qxa4 Qg6 44. Qd1 Qg4 45. Qd3+ Kg7 46. Qc3+ Kf7 47. Qh8 Re2 48. Qh7+ Ke8 49. Ra8+ 1-0

[Event "NB1 Charousek csoport"]
[Site "Dunaharaszti"]
[Date "2024.12.01"]
[Round "3.5"]
[White "Bernath, Bence"]
[Black "Baski, Barnabas"]
[Result "0-1"]
[WhiteElo "2251"]
[BlackElo "2194"]
[PlyCount "129"]
[GameId "2119494744684479"]
[EventDate "2024.11.03"]
[EventType "team-tourn"]
[EventRounds "11"]
[EventCountry "HUN"]
[Source "chess.hu"]
[WhiteTeam "ASE II. Paks"]
[BlackTeam "Dunaharaszti MTK"]
[WhiteTeamCountry "HUN"]
[BlackTeamCountry "HUN"]

1. e4 e5 2. Nf3 Nc6 3. Nc3 Nf6 4. Be2 d5 5. exd5 Nxd5 6. O-O Nxc3 7. bxc3 e4 8. Ne1 Bd6 9. d4 O-O 10. f3 Bf5 11. Rb1 Rb8 12. g3 Qd7 13. Ng2 exf3 14. Bxf3 Na5 15. Nh4 Bh3 16. Re1 Rfe8 17. Be3 Nc4 18. Qd3 Nxe3 19. Rxe3 Rxe3 20. Qxe3 Re8 21. Qd3 b6 22. Ng2 Bf5 23. Qc4 c5 24. Rf1 Bxc2 25. Bd5 Re7 26. Ne3 Bg6 27. Rf3 b5 28. Qf1 Qe8 29. Kf2 Be4 30. Bxe4 Rxe4 31. Nf5 Bf8 32. Qd3 g6 33. Ne3 cxd4 34. cxd4 Bg7 35. Rf4 Rxf4+ 36. gxf4 Qd8 37. d5 Bf8 38. Qxb5 Qh4+ 39. Kf3 Bd6 40. Qe8+ Kg7 41. Qe4 Qh3+ 42. Kf2 Qxh2+ 43. Ng2 Bc5+ 44. Ke2 h5 45. Kd3 Qg3+ 46. Kc4 Qa3 47. Qe5+ Kg8 48. Qb8+ Bf8 49. Qb3 Qxb3+ 50. axb3 a6 51. Kd4 Bd6 52. Ke4 f6 53. Kf3 Kf7 54. Ne3 g5 55. fxg5 fxg5 56. Nf5 g4+ 57. Ke4 Bb8 58. d6 Ke6 59. Ng7+ Kxd6 60. Nxh5 Kc6 61. Nf6 g3 62. Kf3 Be5 63. Ng4 Bd6 64. Nf6 Kb5 65. Ne4 0-1